[Event "Wch U10"]
[Site "Belfort"]
[Date "2005.07.25"]
[Round "7"]
[White "Gonzalez Meneses, Kevin Moises"]
[Black "Cori, Jorge Moise"]
[Result "1/2-1/2"]
[WhiteElo "1599"]
[BlackElo "2080"]
[PlyCount "63"]
[EventDate "2005.07.19"]
[EventType "swiss"]
[EventRounds "11"]
[EventCountry "FRA"]
[SourceTitle "CBM 107 Extra"]
[Source "ChessBase"]
[SourceDate "2005.09.01"]
[SourceVersion "1"]
[SourceVersionDate "2005.09.01"]
[SourceQuality "1"]

1. e4 c5 2. Nf3 d6 3. d4 cxd4 4. Nxd4 Nf6 5. Nc3 a6 6. a4 Nc6 7. Be2 e6 8. Be3 Be7 9. 0-0 0-0 10. Nb3 b6 11. f4 Qc7 12. Bf3 Rb8 13. Nd4 Na5 14. Be2 Nc4 15. Bxc4 Qxc4 16. Qd3 Qxd3 17. cxd3 Bd7 18. h3 Rfc8 19. f5 e5 20. Nf3 Bd8 21. Rfd1 b5 22. axb5 axb5 23. Rdc1 b4 24. Ne2 Bb5 25. Rxc8 Rxc8 26. Rc1 Ra8 27. Ne1 Nd7 28. Kf2 Kf8 29. Rc2 Ra1 30. Rc1 Ra2 31. Rc2 b3 32. Rd2 1/2-1/2

[Event "Wch U10"]
[Site "Belfort"]
[Date "2005.07.23"]
[Round "4"]
[White "Gonzalez Meneses, Kevin Moises"]
[Black "Rishi, Thariani"]
[Result "1-0"]
[WhiteElo "1599"]
[BlackElo "1785"]
[PlyCount "99"]
[EventDate "2005.07.19"]
[EventType "swiss"]
[EventRounds "11"]
[EventCountry "FRA"]
[SourceTitle "CBM 107 Extra"]
[Source "ChessBase"]
[SourceDate "2005.09.01"]
[SourceVersion "1"]
[SourceVersionDate "2005.09.01"]
[SourceQuality "1"]

1. e4 c5 2. Nf3 d6 3. d4 cxd4 4. Nxd4 Nf6 5. Nc3 g6 6. Be2 Bg7 7. Be3 Nc6 8. 0-0 0-0 9. Nb3 Be6 10. f4 Rc8 11. f5 Bd7 12. fxg6 hxg6 13. Kh1 a6 14. a4 Ne5 15. Nd2 Kh7 16. Bd4 Nc6 17. Bxf6 Bxf6 18. Nd5 Bg7 19. Nf3 f6 20. Qe1 Rh8 21. Bc4 g5 22. Qe3 Kg6 23. e5 dxe5 24. Qe4+ Kh6 25. Ne3 Bf8 26. Bf7 f5 27. Nxf5+ Bxf5 28. Qxf5 Qd6 29. Qxc8 Kg7 30. Nxg5 e4 31. h3 Nd8 32. Qg4 Kh6 33. Ne6 Nxf7 34. Rxf7 Qe5 35. Nxf8 Rxf8 36. Rxf8 Qg7 37. Qf4+ Kg6 38. Qg4+ Kh6 39. Qxg7+ Kxg7 40. Raf1 e3 41. R8f3 e2 42. Re1 Kg6 43. Rxe2 e5 44. Rxe5 Kg7 45. Rg5+ Kh6 46. Rg4 b5 47. Rf8 Kh7 48. axb5 axb5 49. b4 Kh6 50. Rh8# 1-0

[Event "Wch U10"]
[Site "Belfort"]
[Date "2005.07.20"]
[Round "2"]
[White "Sanchez Ibern, Marc"]
[Black "Gonzalez Meneses, Kevin Moises"]
[Result "1/2-1/2"]
[WhiteElo "1914"]
[BlackElo "1599"]
[PlyCount "94"]
[EventDate "2005.07.19"]
[EventType "swiss"]
[EventRounds "11"]
[EventCountry "FRA"]
[SourceTitle "CBM 107 Extra"]
[Source "ChessBase"]
[SourceDate "2005.09.01"]
[SourceVersion "1"]
[SourceVersionDate "2005.09.01"]
[SourceQuality "1"]

1. e4 c5 2. Nc3 Nc6 3. g3 g6 4. Bg2 Bg7 5. d3 e6 6. Be3 d6 7. Qd2 Nd4 8. Rb1 Ne7 9. Nce2 Nec6 10. c3 Nxe2 11. Nxe2 0-0 12. Bh6 Rb8 13. Bxg7 Kxg7 14. 0-0 b6 15. f4 Ne7 16. d4 f5 17. Rfe1 Qc7 18. Kh1 Bb7 19. Ng1 Rfe8 20. Nh3 h6 21. Nf2 Rbc8 22. Rbc1 Ng8 23. Rcd1 Nf6 24. Kg1 Rcd8 25. Qc2 Qf7 26. Qa4 Ba8 27. e5 dxe5 28. dxe5 Nd5 29. c4 Nb4 30. a3 Bxg2 31. Kxg2 Qb7+ 32. Kg1 Nc6 33. Re3 Nd4 34. Rdd3 Re7 35. Qd1 Red7 36. Qf1 Nc2 37. Rxd7+ Rxd7 38. Rd3 Nd4 39. Qg2 Qc7 40. Nd1 Qd8 41. Kf1 Nb3 42. Rxd7+ Qxd7 43. Qc2 Nd4 44. Qd3 Qc6 45. Nf2 Kf7 46. b4 a6 47. h3 Qa4 1/2-1/2